| 000 | 00552nam a2200193 i 4500 | ||
|---|---|---|---|
| 001 | 95796 | ||
| 003 | ES-MaACL | ||
| 005 | 20230906181756.0 | ||
| 007 | t| | ||
| 008 | 050606s1973 sp ||||1| eng d | ||
| 100 | 1 |
_aMac Clear, Margaret. _975009 |
|
| 245 | 1 | 0 |
_aPopol Vuh _b: structure and meaning / _cMargaret Mac Clear. |
| 260 |
_aMadrid : _bPlayor, _c1973. |
||
| 300 |
_a140 p. ; _c21 cm. |
||
| 490 | 1 |
_aPlaza Mayor Scholar ; _v19 |
|
| 830 | 0 |
_aPlaza Mayor Scholar ; _v19 _9181264 |
|
| 852 |
_aES-MaACL _jC-52429 _bR.85906 |
||
| 999 |
_c95796 _d95796 |
||